Sobre el amor humano

Guardat en:
Dades bibliogràfiques
Autor principal: Thibon, Gustave (Autor)
Format: Llibre
Idioma:espanyol
Publicat: Madrid Rialp 1961
Edició:3a. ed
Col·lecció:Colección Patmos, Libros de Espiritualidad, 17
Matèries:
Etiquetes: Afegir etiqueta
Sense etiquetes, Sigues el primer a etiquetar aquest registre!

MARC

LEADER 00000nam a2200000 a 4500
001 UCL3439
003 CL-VaPUC
008 031128e19610000SP |||||||||||||||||spa|d
082 0 4 |a 248.4  |b THI  |2 21 
100 0 |a Thibon, Gustave  |e author  |9 480717 
245 1 0 |a Sobre el amor humano 
250 |a 3a. ed 
300 |a 202 p 
942 |c BK 
945 |d 20031128 00:00:00  |a vberengu 
260 |a Madrid  |b Rialp  |c 1961 
650 0 |a Amor  |9 257817 
650 7 |a MATRIMONIO  |2 CL-VaPUC  |9 480718 
650 0 |a Vida cristiana  |9 258753 
583 |a last modification  |c 20031128 00:00:00  |k Rodrigo Vera 
490 0 |a Colección Patmos, Libros de Espiritualidad, 17 
999 |c 306477  |d 306475 
952 |0 0  |1 0  |4 0  |6 248_400000000000000_THI_1961  |7 0  |8 A  |9 371503  |a BIBTEO  |b BIBTEO  |d 2019-11-21  |i 2095866  |o 248.4 THI 1961  |p 2095866  |r 2025-01-17  |w 2019-11-21  |y BK  |k ICR